| 000 | 01187cad a22002415 4500 | ||
|---|---|---|---|
| 001 | E148943 | ||
| 008 | 091202e20091124xxk f 000 0 eng u | ||
| 020 | _a9781409820376 | ||
| 035 | _a(Sirsi) u148943 | ||
| 041 | 0 | _aeng | |
| 050 | _a333.72 $2 18 | ||
| 110 | 1 |
_aUnited Kingdom _bDepartment for Communities and Local Government _94939 |
|
| 245 | 0 | 0 |
_aZero carbon for new non-domestic buildings _bconsultation on policy options _h[electronic resource] |
| 260 |
_aLondon _bDCLG _c2009 |
||
| 520 | _aThe Government proposes that all new non-domestic buildings should be zero carbon from 2019, with new public sector buildings achieving this target in 2018. This consultation seeks views on the policy options and future proposals for achieving this aim. | ||
| 520 | _aDeadline for comments is 26 February 2010. | ||
| 590 | _aKA | ||
| 650 | 2 | 4 | _aCOMMERCIAL ENERGY PERFORMANCE CERTIFICATES |
| 651 | 4 |
_aEngland _y886- |
|
| 690 | _aENVIRONMENTAL AND LAND CONSULTANCY-ENERGY-ENERGY USE-ENERGY EFFICIENCY | ||
| 856 | 4 | 0 |
_uhttps://www.communities.gov.uk/publications/planningandbuilding/newnondomesticconsult _zView the consultation free of charge at www.communities.gov.uk... |
| 942 | _n0 | ||
| 999 |
_c110292 _d110292 |
||